All NFL Super Bowl WR - Statistics

General Stats
  • This quiz has been taken 37 times
  • The average score is 42 of 125
Answer Stats
Hint Answer % Correct
2024 Eagles A.J. Brown
100%
2020 Buccaneers Antonio Brown
97%
2022 Chiefs | 2023 Chiefs JuJu Smith-Schuster
97%
2001 Patriots | 2003 Patriots | 2004 Patriots Troy Brown
97%
2024 Eagles DeVonta Smith
93%
2012 Ravens | 2017 Eagles Torrey Smith
93%
2019 Chiefs Tyreek Hill
86%
2014 Patriots | 2016 Patriots | 2018 Patriots Julian Edelman
79%
2021 Rams Cooper Kupp
66%
2012 Ravens Lee Evans
66%
2020 Buccaneers Mike Evans
66%
2013 Seahawks Sidney Rice
66%
2015 Broncos Demaryius Thomas
62%
2006 Colts Marvin Harrison
59%
2020 Buccaneers Chris Godwin
55%
2005 Steelers | 2008 Steelers Hines Ward
55%
2012 Ravens Jacoby Jones
55%
2024 Eagles Jahan Dotson
55%
2010 Packers James Jones
55%
2021 Rams Odell Beckham
55%
2003 Patriots | 2004 Patriots Bethel Johnson
52%
2001 Patriots Charles Johnson
52%
2002 Buccaneers Keyshawn Johnson
52%
2019 Chiefs | 2022 Chiefs Mecole Hardman
52%
2000 Ravens Patrick Johnson
52%
2017 Eagles Alshon Jeffery
48%
2015 Broncos Emmanuel Sanders
45%
2010 Packers Jordy Nelson
45%
2006 Colts Reggie Wayne
45%
2007 Giants Sinorice Moss:
45%
2022 Chiefs | 2023 Chiefs Kadarius Toney
41%
2002 Buccaneers Karl Williams
41%
2007 Giants Plaxico Burress
41%
2008 Steelers Santonio Holmes
41%
2013 Seahawks Doug Baldwin
38%
2014 Patriots | 2016 Patriots Danny Amendola
34%
2009 Saints Marques Colston
34%
2020 Buccaneers Scotty Miller
34%
2011 Giants Victor Cruz
34%
2016 Patriots | 2018 Patriots Chris Hogan
31%
2003 Patriots | 2004 Patriots Deion Branch
31%
2010 Packers Donald Driver
31%
2010 Packers Greg Jennings
31%
2009 Saints Lance Moore
31%
2022 Chiefs | 2023 Chiefs Marquez Valdes-Scantling
31%
2021 Rams Robert Woods
31%
2022 Chiefs | 2023 Chiefs Skyy Moore
31%
2012 Ravens Anquan Boldin
28%
2005 Steelers Antwaan Randle El
28%
2019 Chiefs Demarcus Robinson
28%
2005 Steelers Cedrick Wilson
24%
2013 Seahawks Golden Tate
24%
2024 Eagles Johnny Wilson
24%
2023 Chiefs Justin Watson
24%
2021 Rams Tutu Atwell
24%
2007 Giants David Tyree
21%
2009 Saints Devery Henderson
21%
2011 Giants Hakeem Nicks
21%
2000 Ravens Jermaine Lewis
21%
2013 Seahawks Percy Harvin
21%
2011 Giants Rueben Randle
21%
2019 Chiefs Sammy Watkins
21%
2007 Giants Amani Toomer
17%
2013 Seahawks Jermaine Kearse
17%
2018 Patriots Josh Gordon
17%
2017 Eagles Nelson Agholor
17%
2000 Ravens Travis Taylor
17%
2021 Rams Van Jefferson
17%
2000 Ravens Brandon Stokley
14%
2009 Saints Robert Meachem
14%
2015 Broncos Bennie Fowler
10%
2014 Patriots Brandon LaFell
10%
2002 Buccaneers Keenan McCardell
10%
2017 Eagles Mack Hollins
10%
2016 Patriots Malcolm Mitchell
10%
2014 Patriots | 2016 Patriots Matthew Slater
10%
2005 Steelers | 2008 Steelers Nate Washington
10%
2009 Saints Adrian Arrington
7%
2015 Broncos Andre Caldwell
7%
2015 Broncos Cody Latimer
7%
2008 Steelers Dallas Baker
7%
2003 Patriots | 2004 Patriots David Givens
7%
2007 Giangts | 2011 Giants Domenik Hixon
7%
2001 Patriots Fred Coleman
7%
2008 Steelers Limas Sweed
7%
2019 Chiefs Marcus Kemp
7%
2018 Patriots Phillip Dorsett
7%
2000 Ravens Qadry Ismail
7%
2017 Eagles Shelton Gibson
7%
2006 Colts Aaron Moorehead
3%
2010 Packers Brett Swain
3%
2018 Patriots Cordarrelle Patterson
3%
2001 Patriots | 2004 Patriots David Patten
3%
2012 Ravens Dennis Pitta
3%
2020 Buccaneers Jaydon Mickens
3%
2011 Giants Jerrel Jernigan
3%
2003 Patriots J.J. Stokes
3%
2002 Buccaneers Joe Jurevicius
3%
2024 Eagles John Metchie
3%
2006 Colts John Standeford
3%
2002 Buccaneers Reggie Barlow
3%
2006 Colts Ricky Proehl
3%
2005 Steelers Sean Morey
3%
2014 Patriots Shane Vereen
3%
2001 Patriots Terry Glenn
3%
No matching quizzes found
Score Distribution
Percent of People with Each Score
Percentile by Number Answered
Your Score History
You have not taken this quiz